000 00658nam a2200241 i 4500
001 C2-0076835
003 PPAK
005 20180727082330.0
008 970429s1994 sz a|||| ||||| | eng d
020 _a385709446X
040 _aPPAK
_beng
_cPPAK
_erda
082 0 4 _a760
_223
090 0 0 _a760
_bGRA
_dR
245 0 0 _aGraphis typography 1
250 _aVon, Herausgegeben
264 1 _aZurich :
_bB. Martin Pedersen ,
_c1994
300 _a255 pages :
_bcolour illustrations ;
_c30 cm
336 _2rdacontent
_atext
337 _2rdamedia
_aunmediated
338 _2rdacarrier
_avolume
650 1 0 _aAdvertising layout and typography
942 _ddc
_cB
999 _c12110
_d12110